2000 Plus : (Record no. 6947)

MARC details
000 -LEADER
fixed length control field 00665nam a22001937a 4500
003 - CONTROL NUMBER IDENTIFIER
control field OSt
005 - DATE AND TIME OF LATEST TRANSACTION
control field 20251205061135.0
008 - FIXED-LENGTH DATA ELEMENTS--GENERAL INFORMATION
fixed length control field 251205b |||||||| |||| 00| 0 eng d
020 ## - INTERNATIONAL STANDARD BOOK NUMBER
International Standard Book Number 81-242-0134-X
040 ## - CATALOGING SOURCE
Original cataloging agency DWC-Main lib
Transcribing agency OC
082 ## - DEWEY DECIMAL CLASSIFICATION NUMBER
Edition number 1st edition 2000
Classification number Circ. 029.1 K22 2000
100 ## - MAIN ENTRY--PERSONAL NAME
Personal name Kawatra, P.S.
245 ## - TITLE STATEMENT
Title 2000 Plus :
Remainder of title Library and information systems in the 21st century
Statement of responsibility, etc. Kawatra, P.S.
260 ## - PUBLICATION, DISTRIBUTION, ETC.
Name of publisher, distributor, etc. Crest Publishing House,
Date of publication, distribution, etc. c2000
300 ## - PHYSICAL DESCRIPTION
Extent vii, 426 pages ;
Dimensions 23 cm.
504 ## - BIBLIOGRAPHY, ETC. NOTE
Bibliography, etc. note Includes index
650 ## - SUBJECT ADDED ENTRY--TOPICAL TERM
Source of heading or term Libraries - Automation
942 ## - ADDED ENTRY ELEMENTS (KOHA)
Source of classification or shelving scheme Dewey Decimal Classification
Koha item type Book Circulation
Edition 1st edition 2000
Classification part Circ. 029.1 K22 2000
Suppress in OPAC No
952 ## - LOCATION AND ITEM INFORMATION (KOHA)
--
Holdings
Withdrawn status Lost status Source of classification or shelving scheme Damaged status Not for loan Home library Current library Shelving location Date acquired Source of acquisition Total Checkouts Full call number Barcode Date last seen Copy number Price effective from Koha item type Uniform Resource Identifier
    Dewey Decimal Classification     College Library College Library Circulation 08/11/2005 School Fund   Circ. 029.1 K22 2000 CL42237 12/05/2025 c1 12/05/2025 BK-CIRC